000 00731nam a2200229 i 4500
001 bgj
100 1 _aKAGAN, Donald
245 1 0 _aThe Western Heritage :
_bsince 1648.
_nVol. 2 /
_cDonald Kagan ; Steven Ozment ; Frank M. Turner.
250 _a2nd ed.
260 _aNew York :
_bMcamillam Publishing Company,
_cc. 1983.
300 _av. <2> :
_bill. ;
_c25 cm.
505 _aIncludes bibliographical references and index.
650 9 _aCivilization, Occidental
_xHistory
700 1 _aOZMENT, Steven.
_eco-author
700 1 _aTURNER, Frank [Miller]
_d(1944- ).
_eco-author
020 _a002362390X
040 _cBPK
041 0 _aeng
920 _a0-02-362390-X
942 _cKS
008 s uk f |000 0 eng
999 _c47858
_d47858
856 _uhttp://koha.tu.koszalin.pl/cgi-bin/koha/opac-detail.pl?biblionumber=47858
_yKatalog online BPK